Prácticas profesionales sobre casos reales 2016-2017 (Registro nro. 4784)
[ vista simple ]
| 000 -LEADER | |
|---|---|
| fixed length control field | 02073 a2200241 4500 |
| 001 - CONTROL NUMBER | |
| control field | 49205 |
| 005 - DATE AND TIME OF LATEST TRANSACTION | |
| control field | 20260407155755.0 |
| 008 - FIXED-LENGTH DATA ELEMENTS--GENERAL INFORMATION | |
| fixed length control field | 260407a2019 arg spa d |
| 003 - CONTROL NUMBER IDENTIFIER | |
| control field | AR-UNSa-BCEJYS |
| 040 ## - CATALOGING SOURCE | |
| Original cataloging agency | AR-UNSa-BCEJYS |
| Language of cataloging | spa |
| Transcribing agency | AR-UNSa-BCEJYS |
| 080 ## - UNIVERSAL DECIMAL CLASSIFICATION NUMBER | |
| Universal Decimal Classification number | 347.965 |
| Common auxiliary subdivision | Abogados. La abogacía (prácticas profesionales) |
| 020 ## - INTERNATIONAL STANDARD BOOK NUMBER | |
| International Standard Book Number | 978-950-23-2912-3 |
| 041 ## - LANGUAGE CODE | |
| Language code of text/sound track or separate title | spa |
| 100 1# - MAIN ENTRY--PERSONAL NAME | |
| Personal name | Universidad de Buenos Aires. Facultad de Derecho. Secretaría de Extensión Universitaria y Bienestar Estudiantil |
| 245 10 - TITLE STATEMENT | |
| Title | Prácticas profesionales sobre casos reales 2016-2017 |
| Name of part/section of a work | Anuario del Patrocinio jurídico gratuito de la Facultad de Derecho UBA |
| 264 #1 - PRODUCTION, PUBLICATION, DISTRIBUTION, MANUFACTURE, AND COPYRIGHT NOTICE | |
| Place of production, publication, distribution, manufacture | Buenos Aires : |
| Name of producer, publisher, distributor, manufacturer | Universidad de Buenos Aires. Facultad de Derecho |
| Date of production, publication, distribution, manufacture, or copyright notice | 2019 |
| 300 ## - PHYSICAL DESCRIPTION | |
| Extent | 423 p. |
| Dimensions | 23 cm. |
| 505 ## - FORMATTED CONTENTS NOTE | |
| Formatted contents note | 1. Presentación / Oscar Zoppi - 2. Ámbito de funcionamiento del patrocinio jurídico de la Facultad de Derecho / Virginia Badino - 3. Acciones de amparo y cuestiones de derecho público / Tiberio Pardiñas - 4. Casos de defensa del consumidor y el derecho a la salud / Javier del Sacramento - 5. Casos de desalojo y problemas de vivienda / César Zerbini - 6. Medidas excepcionales de protección de derechos de niñas, niños y adolescentes. Control de legalidad previsto en el artículo 39 de la ley 26061 / Gimol Pinto - 7. Casos de familia / Juan Antonio Seda - 8. El instituto de la guarda / Oscar Zorzoli - 9. Casos de filiación / Graciela A. Maiorano - 10. El proceso de divorcio y su abordaje desde la práctica profesional / Andrea Mercedes Pérez - 11. Algunas reflexiones sobre la actualidad de la práctica profesional / Andrea Mercedes Pérez - 12. Casos de violencia en sus diferentes manifestaciones / Eleonora Vallet - 13. Casos penales / Oscar de Vicente - 14. Casos de mediación / María Cristina Klein - 15. Casos del Servicio Social y de Psicología / Mariana Riudavets. |
| 590 ## - LOCAL NOTE (RLIN) | |
| Local note | niveau_biblio:m niveau_hierar:0 |
| 700 1# - ADDED ENTRY--PERSONAL NAME | |
| Personal name | Zoppi, Oscar M. |
| 856 41 - ELECTRONIC LOCATION AND ACCESS | |
| Uniform Resource Identifier | <a href="https://www.biblioeco.unsa.edu.ar/pmb/images/libros/L127909.jpg">https://www.biblioeco.unsa.edu.ar/pmb/images/libros/L127909.jpg</a> |
| Link text | Imagen de portada |
| Electronic format type | image/jpeg |
| 942 ## - ADDED ENTRY ELEMENTS (KOHA) | |
| Koha item type | |
| Withdrawn status | Lost status | Damaged status | Not for loan | Home library | Current library | Shelving location | Date acquired | Total checkouts | Full call number | Barcode | Date last seen | Price effective from | Koha item type |
|---|---|---|---|---|---|---|---|---|---|---|---|---|---|
| Biblioteca Prof. Eusebio Cleto del Rey | Biblioteca Prof. Eusebio Cleto del Rey | 07/04/2026 | 347.965 U58 2016/2017 | L127909 | 07/04/2026 | 07/04/2026 | Libro |